000 00716 a2200205 4500
010 _aENG-89381
020 _a8131303283
_c695.00
035 _aEN-72914
037 _bDBAD / PUB
082 1 4 _a323.07
090 _c10828
_d10828
100 1 _aManjot Kaur
245 1 _aTeaching of human rights/
_cby Manjot Kaur
260 _aNew Delhi
_bAPH Publishing Corporation
_c2008
270 _a4435-36/7, Ansari Road, Darya Ganj,
_bNew Delhi
_cDelhi
_e110002
_k011-23274050
_maphbook@vsnl.net
300 _a304p
_c22 cm ( Hb.)
500 _aIncludes bibliographical reference
942 _adpl
_cEN
_k323.07 / MAN
999 _c10528
_d10528